Statistics for Random U.S. States Flags Quiz

Click here to take the quiz!

General Stats

  • This quiz has been taken 263 times
  • The average score is 9 of 12

Answer Stats

Answer% Correct
Texas
97%
New Mexico
87%
Ohio
86%
Florida
78%
Rhode Island
77%
Wyoming
77%
Delaware
73%
Louisiana
73%
Tennessee
73%
Indiana
67%
Pennsylvania
57%
Utah
55%

Score Distribution

Percentile by Number Answered

Percent of People with Each Score

Your Score History

You have not taken this quiz